Pokemon Typ Normal Generation 1 - Statistiken

Allgemein
  • Dieses Quiz wurde 347 mal gespielt
  • Das Durchschnittsergebnis liegt bei 20 aus 24
Antwortstatistiken
Nr. Typ Pokemon % Korrekt
#016 Normal/Flug Taubsi
100%
#017 Normal/Flug Tauboga
99%
#018 Normal/Flug Tauboss
99%
#021 Normal/Flug Habitak
98%
#022 Normal/Flug Ibitak
97%
#020 Normal Rattikarl
95%
#019 Normal Rattfratz
94%
#143 Normal Relaxo
86%
#133 Normal Evoli
82%
#128 Normal Tauros
82%
#083 Normal/Flug Porenta
81%
#040 Normal Knuddeluff
78%
#039 Normal Pummeluff
78%
#085 Normal/Flug Dodri
77%
#084 Normal/Flug Dodu
77%
#052 Normal Mauzi
76%
#035 Normal Piepi
76%
#036 Normal Pixi
76%
#053 Normal Snobilikat
76%
#115 Normal Kangama
75%
#113 Normal Chaneira
74%
#137 Normal Porygon
74%
#132 Normal Ditto
72%
#108 Normal Schlurp
61%
Keine übereinstimmenden Quizze gefunden
Verteilung der Resultate
Anzahl Personen mit jedem Resultat
Perzentil nach korrekt beantworteten Fragen
Ihre Resultats-Entwicklung
Sie haben dieses Quiz noch nicht gespielt